| 000 | 00348nam a2200097Ia 4500 | ||
|---|---|---|---|
| 008 | 180130s9999 xx 000 0 und d | ||
| 245 |
_cBlack, Maureen M.; Hurley, Kristen M. _aInfant nutrition |
||
| 260 | _c2014 | ||
| 300 | _aBook title: Blackwell handbook of infant development--Acession number C19029; pages 687-715 | ||
| 650 | _aINFANTS--DEVELOPMENT | ||
| 999 |
_c354044 _d354044 |
||